Discurso acerca de si es justo que el hijo póstumo, nacido después de concluir el décimo mes de gestación o preñado, sea declarado ilegítimo por las leyes para los efectos de la herencia paternal, y para llevar el nombre de aquel que estuvo casado con su madre (Record no. 68507)

MARC details
000 -LEADER
campo de control de longitud fija 01015nam a22001935i 4500
001 - NÚMERO DE CONTROL
campo de control 68507
003 - IDENTIFICADOR DE NÚMERO DE CONTROL
campo de control ES-MaACL
005 - FECHA Y HORA DE LA ÚLTIMA TRANSACCIÓN
campo de control 20230906170311.0
007 - CAMPO FIJO DE DESCRIPCIÓN FÍSICA--INFORMACIÓN GENERAL
campo de control de longitud fija t|
008 - DATOS DE LONGITUD FIJA--INFORMACIÓN GENERAL
campo de control de longitud fija 960806s1849 sp ||||1| spa d
100 1# - ENTRADA PRINCIPAL--NOMBRE DE PERSONA
Nombre de persona García Moñino, José Antonio.
9 (RLIN) 54982
245 10 - MENCIÓN DEL TÍTULO
Título Discurso acerca de si es justo que el hijo póstumo, nacido después de concluir el décimo mes de gestación o preñado, sea declarado ilegítimo por las leyes para los efectos de la herencia paternal, y para llevar el nombre de aquel que estuvo casado con su madre
Resto del título : leído en la Facultad de Medicina de la Universidad de Madrid /
Mención de responsabilidad, etc. por... José Antonio García Moñino, en el acto solemne de recibir la investidura de doctor en la misma Facultad.
260 ## - PUBLICACIÓN, DISTRIBUCIÓN, ETC.
Lugar de publicación, distribución, etc. Madrid :
Nombre del editor, distribuidor, etc. [s.n.],
Fecha de publicación, distribución, etc. 1849 (
Fabricante Imp. de la Viuda de Antonio Yenes)
300 ## - DESCRIPCIÓN FÍSICA
Extensión 29 p. ;
Dimensiones 18 cm.
650 00 - PUNTO DE ACCESO ADICIONAL DE MATERIA--TÉRMINO DE MATERIA
Término de materia o nombre geográfico como elemento de entrada Hijos naturales.
9 (RLIN) 13361
852 ## - LOCALIZACIÓN
Ubicación ES-MaACL
Número de control de estantería T-399-F-7
Nota libre - Sello de los "Escolares Médicos"
852 ## - LOCALIZACIÓN
Ubicación ES-MaACL
Número de control de estantería T-415-F-7
852 ## - LOCALIZACIÓN
Ubicación ES-MaACL
Número de control de estantería T-415-F-8
Holdings
Estatus retirado Estado de pérdida Estado de daño No para préstamo Colección Biblioteca de origen Biblioteca actual Ubicación en estantería Fecha de adquisición Fuente de adquisición Total de préstamos Signatura topográfica completa Código de barras Visto por última vez Precio de reemplazo Tipo de ítem Koha
        Colección de folletos Biblioteca del Ateneo de Madrid Biblioteca del Ateneo de Madrid Depósito folletos 19/09/2008     T-415-F-8 1177933 23/02/2023 23/02/2023 Folleto
        Colección de folletos Biblioteca del Ateneo de Madrid Biblioteca del Ateneo de Madrid Depósito folletos 17/01/2008     T-399-F-7 1071715 23/02/2023 23/02/2023 Folleto
        Colección de folletos Biblioteca del Ateneo de Madrid Biblioteca del Ateneo de Madrid Depósito folletos 17/01/2008     T-415-F-7 1071716 23/02/2023 23/02/2023 Folleto